All Liverpool Wins in the 2010's - Statistics

General Stats
  • This quiz has been taken 19 times
  • The average score is 57 of 106
Answer Stats
Number of Wins and Country Team % Correct
7(England) Arsenal
100%
9(England) Chelsea
100%
11(England) Everton
100%
12(England) Manchester City
100%
7(England) Manchester United
100%
12(England) Tottenham Hotspur
100%
2(Italy) AC Milan
94%
1(Italy) AS Roma
94%
8(England) Aston Villa
94%
2(Germany) Bayern Munich
94%
5(Wales) Cardiff City
94%
9(England) Newcastle United
94%
1(France) Paris Saint Germain
94%
10(England) Southampton
94%
8(Wales) Swansea City
94%
10(England) West Ham United
94%
1(Spain) Atletico Madrid
88%
2(Spain) Barcelona
88%
7(England) Brighton & Hove Albion
88%
1(England) Leeds United
88%
9(England) Leicester City
88%
1(France) Olympique Lyonnais
88%
5(England) Blackburn Rovers
81%
2(Germany) Borussia Dortmund
81%
8(England) Burnley
81%
3(Portugal) FC Porto
81%
8(England) Fulham
81%
7(England) Norwich City
81%
2(Greece) Olympiacos
81%
5(England) Queens Park Rangers
81%
1(England) Sheffield United
81%
3(Italy) SSC Napoli
81%
8(England) Sunderland
81%
5(England) Bolton Wanderers
75%
2(England) Middlesbrough
75%
1(England) Portsmouth
75%
1(Portugal) SL Benfica
75%
1(Spain) Villarreal
75%
7(England) West Bromwich Albion
75%
1(Turkey) Besiktas
69%
10(England) Bournemouth
69%
2(England) Hull City
69%
1(Spain) Valencia CF
69%
1(England) Birmingham City
63%
10(England) Crystal Palace
63%
1(Scotland) Heart of Midlothian
63%
1(France) LOSC Lille
63%
1(England) Plymouth Argyle
63%
1(Serbia) Red Star Belgrade
63%
6(England) Wolverhampton Wanderers
63%
1(Russia) Zenit St. Petersburg
63%
1(Switzerland) BSC Young Boys
56%
1(Belgium) KRC Genk
56%
1(Russia) Spartak Moscow
56%
12(England) Stoke City
56%
4(England) Tranmere Rovers
56%
1(Italy) Udinese
56%
6(England) Watford
56%
3(England) Wigan Athletic
56%
1(England) Derby County
50%
5(England) Huddersfield town
50%
1(Mexico) Monterrey
50%
2(Turkey) Trabzonspor
50%
1(Germany) Augsburg
44%
1(England) Bradford City
44%
2(England) Exeter City
44%
1(England) Reading
44%
1(Romania) Steaua Bucuresti
44%
1(Germany) Hoffenheim
38%
2(Slovenia) NK Maribor
38%
1(Austria) Salzburg FC
38%
1(Czech Republic) Sparta Prague
38%
1(Italy) Torino
38%
1(Brazil) CR Flamengo
31%
2(England) Oldham Athletic
31%
2(England) Preston North End
31%
1(Russia) Rubin Kazan
31%
1(England) AFC Wimbledon
25%
1(Spain) Athletic Bilbao
25%
1(Germany) Bayer Leverkusen
25%
1(England) Chester FC
25%
1(France) Girondins Bordeaux
25%
1(Australia) Melbourne Victory
25%
1(England) Milton Keynes Dons
25%
1(England) Swindon Town
25%
1(England) Mansfield Town
19%
1(England) Notts County
19%
1(Australia) Adelaide United
13%
1(England) Burton Albion
13%
1(England) Fleetwood Town
13%
1(Germany) Hertha Berlin
13%
1(Finland) HJK Helsinki
13%
1(Malaysia) Malaysia XI
13%
1(Australia) Sydney FC
13%
1(Russia) Anzhi Makhachkala
6%
1(Australia) Brisbane Roar
6%
2(Belarus) Gomel
6%
1(Bulgaria Ludogrets Razgrad
6%
2(North Macedonia) Rabotnicki
6%
2(Romania) Unirea Urzicenci
6%
1(Norway) Valerenga
6%
1(China) Guangdong Sunray Cave
0%
1(Indonesia) Indonesia XI
0%
1(Ireland) Shamrock Rovers
0%
1(Thailand) Thailand
0%
1(Thailand) Thai Premier League XI
0%
No matching quizzes found
Score Distribution
Percent of People with Each Score
Percentile by Number Answered
Your Score History
You have not taken this quiz